1733 1623 1439 1070 1581 1218 1843 1613 1414 1305 1038 1877 1057 1628 1373 1987 1986 1842 1820 1644 1079 1872 1394 1810 1487 1964 1092 1832 1118 1672 1723 1597 1268 1133 1352 1488 1639 1353 1845 1841 1277 1856 1644 1519 1148 1254 1849 1580 1291 1204 1491 1073 1052 1164 1589 1227 1810 1236 1772 1216 1946 1791 1323 1912 1085 1256 1809 1707 1756 1757 1876 1212 1068 1139 1203 1759 1827 1945 1921 1763 1972 1582 1349 1641 1160 1450 1382 1722 1111 1290 1216 1464 1599 1193 1264 1525 1976 1015 1397 BCNSPRNW ULIB Ver.6.0+V

เปลี่ยนเป็นภาษาไทย

Change to English
 แสดงรายละเอียดบรรณานุกรม
  กลับหน้าหลัก

Brief Record : Get Marc (ISO 2709) : E-mail record : QR code < ปิดหน้าต่าง
LEADER : 00000nam 2200000uu 4500
001    13399125574
003     ULIB
008    170701s2559||||th 000 0 tha d
020    ^a9786164130616
060 04 ^aWU140^bก357ต
100 0  ^aกอบกาญจน์ ทองประสม
245 00 ^aตำราภาพ ความผิดปกติของฟัน และโรคในช่องปาก /^cบรรณาธิการ, กอบกาญจน์ ทองประสม
246 30 ^aความผิดปกติของฟัน
246 30 ^aโรคในช่องปาก
250    ^aพิมพ์ครั้งที่ 1
260    ^aกรุงเทพฯ :^bศูนย์หนังสือจุฬาลงกรณ์มหาวิทยาลัย,^c2559
300    ^a139 หน้า :^bภาพประกอบ ;^c31 ซม.
505 0  ^a... ความผิดปกติของฟัน (Abnormalities of teeth) ... ความผิดปกติของเยื่อเมือกช่องปาก (Anomalies of oral mucosa) ... ถุงนํ้าและพยาธิสภาพของกระดูก (Cysts and bone pathology) ... โรคเหงือกและปริทันต์ (Periodontal diseases) ... การติดเชื้อในช่องปาก (Infections of the oral mucosa) ... แผลในช่องปาก (Oral ulceration) ... โรคผิวหนังและเนื้อเยื่อเกี่ยวพัน (Skin and connective tissue diseases) ... โรคในช่องปากที่มีแนวโน้มเกิดมะเร็ง (Potentially malignant disorders) ... เนื้องอกชนิดไม่ร้ายแรงและรอยโรคชนิดร้ายแรง (Benign tumors and malignant lesions) ... ความผิดปกติอื่นๆ (Miscellaneous)
650  7 ^aฟัน^xโรค
650  7 ^aฟัน^xความผิดปกติ
650  7 ^aปาก^xโรค
650  7 ^aเวชศาสตร์ช่องปาก
700 0  ^aพรพรรณ พิบูลย์รัตนกิจ.^tเนื้องอกชนิดไม่ร้ายแรงและรอยโรคชนืดร้ายแรง
700 02 ^aธิติพงษ์ พฤกษศรีสกุล.^tความผิดปกติของฟัน
700 02 ^aภาสวัชร์ วิริยกิจจา.^tความผิดปกติของเยื่อเมือกช่องปาก
700 02 ^aชาญวิทย์ ประพิณจำรูญ.^tถุงน้ำและพยาธิสภาพของกระดูก
700 02 ^aภัทรนฤน กาญจนบุษย์.^tโรคเหงือกและปริทันต์
700 02 ^aกอบกาญจน์ ทองประสม.^tการติดเชื้อในช่องปาก
700 02 ^aชาญวิทย์ ประพิณจำรูญ.^tแผลในช่องปาก
700 02 ^aกอบกาญจน์ ทองประสม.^tโรคผิวหนังและเนื้อเยื่อเกี่ยวพัน
700 02 ^aกอบกาญจน์ ทองประสม.^tโรคในช่องปากที่มีแนวโน้มเกิดมะเร็ง
710 2  ^aจุฬาลงกรณ์มหาวิทยาลัย.^bคณะทันตแพทยศาสตร์
710 2  ^aจุฬาลงกรณ์มหาวิทยาลัย.^bภาควิชาเวชศาสตร์ช่องปาก
945    ^p650^l0^i25231
999    ^aทศพร เกษรทอง
รายการนี้ยังไม่มีแท็ก
คุณยังไม่ได้ล็อกอิน คุณสามารถมีกิจกรรมร่วมกับเว็บไซต์ได้ แต่ต้องล็อกอินก่อน ::
  ล็อกอิน

รายการสื่อสารสนเทศ

ลำดับที่ ประเภท เลขเรียก/บาร์โค้ด สถานที่ สถานะ
1. วิทยาศาสตร์การแพทย์ และสุขภาพ
หนังสือสำรอง
สถานะ=หนังสือสำรอง
WU140 ก357ต ฉ.1 
  Barcode: 25231
ห้องสมุดวิทยาเขตนครสวรรค์
►หนังสือทั่วไป:l:General Books
บนชั้น

รายการใกล้เคียง
    ผู้แต่ง [กอบกาญจน์ ทองประสม]

    หัวเรื่อง [เวชศาสตร์ช่องปาก]

BibComment


ยังไม่เคยถูกคอมเมนท์

คอมเมนท์ทรัพยากรรายการนี้
  คอมเมนท์: ตำราภาพ ความผิดป..


 Copyright 2026. Bcnsprnw @Library